[Event "Moscow Stars Rapid"]
[Site "Moscow"]
[Date "2025.06.28"]
[Round "9"]
[White "Hou, Yifan"]
[Black "Radjabov, Teimour"]
[Result "1/2-1/2"]
[WhiteElo "2633"]
[BlackElo "2692"]
[PlyCount "28"]
[EventDate "2025.06.26"]
[EventType "tourn (rapid)"]
[EventRounds "9"]
[EventCountry "RUS"]
[EventCategory "15"]
[SourceTitle "CB27_2025"]
[SourceDate "2025.07.02"]
[SourceVersion "1"]
[SourceVersionDate "2025.07.02"]
[SourceQuality "1"]

1. e4 e5 2. Nf3 Nf6 3. Nxe5 d6 4. Nf3 Nxe4 5. d4 d5 6. Bd3 Bf5 7. 0-0 Be7 8. Re1 0-0 9. Nbd2 Nd6 10. Nf1 c6 11. Ng3 Bxd3 12. Qxd3 Na6 13. c3 Nc7 14. Re2 Re8 1/2-1/2

[Event "Moscow Stars Rapid"]
[Site "Moscow"]
[Date "2025.06.26"]
[Round "1"]
[White "Radjabov, Teimour"]
[Black "Karjakin, Sergey"]
[Result "1/2-1/2"]
[WhiteElo "2692"]
[BlackElo "2750"]
[PlyCount "49"]
[EventDate "2025.06.26"]
[EventType "tourn (rapid)"]
[EventRounds "9"]
[EventCountry "RUS"]
[EventCategory "15"]
[SourceTitle "CB27_2025"]
[SourceDate "2025.07.02"]
[SourceVersion "1"]
[SourceVersionDate "2025.07.02"]
[SourceQuality "1"]

1. e4 e5 2. Nf3 Nc6 3. Bb5 Nf6 4. 0-0 Nxe4 5. Re1 Nd6 6. Nxe5 Be7 7. Bf1 Nxe5 8. Rxe5 0-0 9. d4 Bf6 10. Re1 Re8 11. Rxe8+ Nxe8 12. c3 d5 13. Bf4 c6 14. Bd3 g6 15. Nd2 Ng7 16. Qe2 Bf5 17. Bxf5 Nxf5 18. Re1 Qd7 19. Nf3 Ng7 20. Be5 Re8 21. Qd1 Bxe5 22. Rxe5 f6 23. Rxe8+ Nxe8 24. Ne1 Nd6 25. Nd3 1/2-1/2

[Event "Karpov Cup 50 Years"]
[Site "Moscow"]
[Date "2025.05.22"]
[Round "4"]
[White "Radjabov, Teimour"]
[Black "Niemann, Hans Moke"]
[Result "1/2-1/2"]
[WhiteElo "2692"]
[BlackElo "2736"]
[PlyCount "78"]
[EventDate "2025.05.21"]
[EventType "tourn (rapid)"]
[EventRounds "9"]
[EventCountry "RUS"]
[EventCategory "18"]
[SourceTitle "CB22_2025"]
[SourceDate "2025.05.28"]
[SourceVersion "1"]
[SourceVersionDate "2025.05.28"]
[SourceQuality "1"]

1. d4 Nf6 2. c4 e6 3. Nf3 b6 4. a3 Bb7 5. Nc3 Be7 6. Bf4 Nh5 7. Bg3 0-0 8. e3 d6 9. Bd3 g6 10. Qc2 Nd7 11. Rd1 f5 12. Be2 a6 13. b4 Qe8 14. 0-0 g5 15. d5 e5 16. h3 Ng7 17. Nd2 Bc8 18. f4 Bf6 19. fxg5 Bxg5 20. e4 Be3+ 21. Bf2 Bxf2+ 22. Rxf2 f4 23. Nb3 Nf6 24. c5 Qg6 25. Qd3 Kh8 26. Nd2 bxc5 27. bxc5 Nfh5 28. Bf3 Nf6 29. Kf1 Nd7 30. Na4 a5 31. Qc2 Ba6+ 32. Kg1 Nf6 33. Nc4 Bxc4 34. Qxc4 Ngh5 35. Nc3 Ng3 36. Rb2 Nd7 37. Na4 Nf6 38. Nc3 Nd7 39. Na4 Nf6 1/2-1/2

[Event "Karpov Cup 50 Years"]
[Site "Moscow"]
[Date "2025.05.21"]
[Round "3"]
[White "Grischuk, Alexander"]
[Black "Radjabov, Teimour"]
[Result "1/2-1/2"]
[WhiteElo "2682"]
[BlackElo "2692"]
[PlyCount "106"]
[EventDate "2025.05.21"]
[EventType "tourn (rapid)"]
[EventRounds "9"]
[EventCountry "RUS"]
[EventCategory "18"]
[SourceTitle "CB22_2025"]
[SourceDate "2025.05.28"]
[SourceVersion "1"]
[SourceVersionDate "2025.05.28"]
[SourceQuality "1"]

1. e4 e5 2. Nf3 Nf6 3. Nxe5 d6 4. Nf3 Nxe4 5. d4 d5 6. Bd3 Bf5 7. 0-0 Be7 8. c4 Nc6 9. Nc3 Nxc3 10. bxc3 Bxd3 11. Qxd3 dxc4 12. Qxc4 0-0 13. Qb5 Rb8 14. Re1 a6 15. Qd3 Bf6 16. Bf4 Ne7 17. c4 b5 18. Rac1 bxc4 19. Qxc4 Nd5 20. Bg3 h5 21. h4 Rb6 22. Ne5 Re8 23. Qe2 Bxe5 24. dxe5 g6 25. Red1 c6 26. a4 Qd7 27. Qc4 Re6 28. Qc5 Qb7 29. Kh2 Rb4 30. Rc4 a5 31. Rdc1 Qa6 32. Rd4 Qb6 33. Qxb6 Rxb6 34. Rdc4 Kf8 35. Rc5 Ra6 36. Rb1 Nb6 37. Ra1 Nd7 38. Rc3 Nxe5 39. f3 Nd7 40. Rd1 Nf6 41. Rd8+ Re8 42. Rd6 Nd5 43. Rcxc6 Rxc6 44. Rxc6 Re2 45. Rc5 Ne3 46. Bd6+ Kg7 47. Be5+ f6 48. Rc7+ Kf8 49. Bxf6 Rxg2+ 50. Kh3 Rf2 51. Kg3 Rg2+ 52. Kh3 Rf2 53. Kg3 Rg2+ 1/2-1/2

[Event "Karpov Cup 50 Years"]
[Site "Moscow"]
[Date "2025.05.21"]
[Round "2"]
[White "Radjabov, Teimour"]
[Black "Artemiev, Vladislav"]
[Result "1/2-1/2"]
[WhiteElo "2692"]
[BlackElo "2679"]
[PlyCount "31"]
[EventDate "2025.05.21"]
[EventType "tourn (rapid)"]
[EventRounds "9"]
[EventCountry "RUS"]
[EventCategory "18"]
[SourceTitle "CB22_2025"]
[SourceDate "2025.05.28"]
[SourceVersion "1"]
[SourceVersionDate "2025.05.28"]
[SourceQuality "1"]

1. d4 Nf6 2. c4 e6 3. Nf3 d5 4. Nc3 c6 5. Bg5 h6 6. Bh4 Be7 7. e3 Nbd7 8. Rc1 0-0 9. a3 Ne4 10. Bxe7 Qxe7 11. Qc2 Nxc3 12. Qxc3 Re8 13. Be2 dxc4 14. Bxc4 b6 15. 0-0 Bb7 16. Be2 1/2-1/2

[Event "AZE-ch 79th"]
[Site "Baku"]
[Date "2025.02.04"]
[Round "2.1"]
[White "Radjabov, Teimour"]
[Black "Guliyev, Namig"]
[Result "1-0"]
[WhiteElo "2698"]
[BlackElo "2487"]
[PlyCount "118"]
[EventDate "2025.02.01"]
[EventType "k.o."]
[EventRounds "5"]
[EventCountry "AZE"]
[SourceTitle "CB08_2025"]
[SourceDate "2025.02.19"]
[SourceVersion "1"]
[SourceVersionDate "2025.02.19"]
[SourceQuality "1"]

1. d4 d5 2. c4 dxc4 3. e4 Nf6 4. e5 Nd5 5. Bxc4 Bf5 6. Ne2 e6 7. 0-0 Nb6 8. Bd3 Bxd3 9. Qxd3 Nc6 10. Rd1 Nb4 11. Qe4 Qd5 12. Qg4 0-0-0 13. Bg5 h5 14. Qg3 Re8 15. Nbc3 Qd7 16. Ne4 Kb8 17. a3 N4d5 18. b4 Be7 19. Bxe7 Qxe7 20. Nc5 h4 21. Qf3 h3 22. g3 f6 23. Nf4 Qf7 24. Nfd3 f5 25. Rdc1 Qh5 26. Qxh5 Rxh5 27. a4 Re7 28. b5 Nd7 29. Rab1 Rh8 30. a5 g5 31. Kf1 Rd8 32. Ke2 Nxc5 33. dxc5 Red7 34. Rb3 Rg7 35. Rc4 Kc8 36. b6 Kb8 37. bxa7+ Kxa7 38. c6 bxc6 39. Rxc6 Rb8 40. Rxb8 Kxb8 41. Nc5 Rg8 42. Nxe6 Re8 43. Rc5 Rxe6 44. Rxd5 c6 45. Rc5 Kc7 46. Kf3 Re8 47. g4 Rf8 48. gxf5 Rxf5+ 49. Kg3 g4 50. Kxg4 Rxf2 51. Kxh3 Rf8 52. Kg4 Rg8+ 53. Kf5 Rf8+ 54. Kg6 Rh8 55. Rc2 Kd7 56. a6 Ra8 57. Kf7 Ra7 58. e6+ Kd6+ 59. Kf6 Kd5 1-0

[Event "London TechM GCL"]
[Site "London"]
[Date "2024.10.10"]
[Round "9.3"]
[White "Mamedyarov, Shakhriyar"]
[Black "Radjabov, Teimour"]
[Result "0-1"]
[WhiteElo "2733"]
[BlackElo "2700"]
[PlyCount "90"]
[EventDate "2024.10.03"]
[EventType "team-tourn (rapid)"]
[EventRounds "10"]
[EventCountry "ENG"]
[SourceTitle "CB42_2024"]
[Source "ChessBase"]
[SourceDate "2024.10.16"]
[SourceVersion "1"]
[SourceVersionDate "2024.10.16"]
[SourceQuality "1"]
[WhiteTeam "PBG Alaskan Knights"]
[BlackTeam "Triveni Continental Kings"]
[WhiteTeamCountry "USA"]
[BlackTeamCountry "ENG"]

1. d4 d6 2. e4 Nf6 3. Nc3 e5 4. Nf3 Nbd7 5. a4 Be7 6. Bc4 0-0 7. 0-0 c6 8. Re1 b6 9. Bg5 Bb7 10. Bxf6 Bxf6 11. d5 c5 12. a5 bxa5 13. Nd2 Nb6 14. Bf1 Bc8 15. Nb3 a4 16. Nxa4 Bd7 17. Nc3 c4 18. Na5 Qc7 19. Qe2 Rfc8 20. Ra3 Qc5 21. Rea1 Rc7 22. g3 Bd8 23. Nd1 Rac8 24. h4 g6 25. Ne3 Bb5 26. c3 a6 27. Nc2 f5 28. Bh3 Rg7 29. Nb4 Na4 30. exf5 gxf5 31. Nac6 Bb6 32. Rxa4 Bxa4 33. Rxa4 Rf8 34. Kf1 f4 35. Be6+ Kh8 36. g4 f3 37. Qd2 a5 38. Nc2 Rf4 39. Ne3 h5 40. Rxc4 Rxc4 41. Nxc4 Qxc4+ 42. Ke1 Qe4+ 43. Kf1 Qb1+ 44. Qe1 Qxe1+ 45. Kxe1 hxg4 0-1

[Event "London TechM GCL"]
[Site "London"]
[Date "2024.10.08"]
[Round "7.2"]
[White "Radjabov, Teimour"]
[Black "Yu, Yangyi"]
[Result "1/2-1/2"]
[WhiteElo "2700"]
[BlackElo "2717"]
[PlyCount "78"]
[EventDate "2024.10.03"]
[EventType "team-tourn (rapid)"]
[EventRounds "10"]
[EventCountry "ENG"]
[SourceTitle "CB42_2024"]
[Source "ChessBase"]
[SourceDate "2024.10.16"]
[SourceVersion "1"]
[SourceVersionDate "2024.10.16"]
[SourceQuality "1"]
[WhiteTeam "Triveni Continental Kings"]
[BlackTeam "American Gambits"]
[WhiteTeamCountry "ENG"]
[BlackTeamCountry "USA"]

1. d4 Nf6 2. c4 e6 3. Nf3 h6 4. Nc3 Bb4 5. Bd2 c5 6. dxc5 Bxc5 7. g3 b6 8. Bg2 Bb7 9. 0-0 0-0 10. Rc1 Qe7 11. a3 a5 12. Bf4 Na6 13. Qd3 Rfd8 14. e4 d5 15. cxd5 exd5 16. e5 Ne4 17. Nb5 Rac8 18. Nbd4 Nc7 19. Rfe1 Ba6 20. Qd1 Ne6 21. Be3 Nxd4 22. Bxd4 Rc7 23. Bxc5 Rxc5 24. Nd4 Re8 25. f4 Rec8 26. Rxc5 Qxc5 27. Bh3 Rc7 28. e6 fxe6 29. Bxe6+ Kh8 30. Kg2 Bc8 31. f5 Ba6 32. Re3 Re7 33. h4 Re8 34. g4 Qd6 35. Rf3 Qe5 36. g5 Rf8 37. b3 a4 38. bxa4 Bc4 39. Bd7 Nc5 1/2-1/2

[Event "London TechM GCL"]
[Site "London"]
[Date "2024.10.07"]
[Round "6.1"]
[White "Svidler, Peter"]
[Black "Radjabov, Teimour"]
[Result "1/2-1/2"]
[WhiteElo "2698"]
[BlackElo "2700"]
[PlyCount "120"]
[EventDate "2024.10.03"]
[EventType "team-tourn (rapid)"]
[EventRounds "10"]
[EventCountry "ENG"]
[SourceTitle "CB42_2024"]
[Source "ChessBase"]
[SourceDate "2024.10.16"]
[SourceVersion "1"]
[SourceVersionDate "2024.10.16"]
[SourceQuality "1"]
[WhiteTeam "Mumba Masters"]
[BlackTeam "Triveni Continental Kings"]
[WhiteTeamCountry "IND"]
[BlackTeamCountry "ENG"]

1. e4 c5 2. Nf3 Nc6 3. Bb5 Nf6 4. Bxc6 dxc6 5. d3 Qc7 6. Nbd2 e5 7. Nc4 Nd7 8. 0-0 b5 9. Ne3 g6 10. a4 Bg7 11. axb5 cxb5 12. Nd5 Qb7 13. c4 0-0 14. Be3 Re8 15. cxb5 Nb6 16. Nc3 Bf8 17. h3 Bd7 18. Nd2 Be6 19. Nb3 Qc7 20. Na5 a6 21. Qc2 axb5 22. Nxb5 Qd7 23. Nc3 Ra6 24. Nb3 Rxa1 25. Rxa1 c4 26. dxc4 Nxc4 27. Bc5 Rc8 28. Bxf8 Kxf8 29. Na5 Kg7 30. Nxc4 Rxc4 31. Qe2 Rd4 32. Rd1 Bb3 33. Rxd4 exd4 34. Qd3 Qa7 35. Ne2 Qa1+ 36. Kh2 Qxb2 37. Nxd4 Ba4 38. Qe3 Bd7 39. f4 Qb8 40. Nf3 Kg8 41. Kg3 Qc7 42. Qd4 h6 43. h4 Be6 44. h5 g5 45. e5 gxf4+ 46. Qxf4 Kh7 47. Nd4 Qc3+ 48. Kh2 Qc4 49. Qe3 Qd5 50. Ne2 Qd8 51. Qf4 Qg5 52. Qxg5 hxg5 53. Nd4 Bg4 54. Kg3 Bxh5 55. e6 fxe6 56. Nxe6 Kh6 57. Kf2 Bf7 58. Nxg5 Kxg5 59. g4 Be6 60. Kg3 Bxg4 1/2-1/2

[Event "London TechM GCL"]
[Site "London"]
[Date "2024.10.06"]
[Round "5.2"]
[White "Radjabov, Teimour"]
[Black "Svidler, Peter"]
[Result "1/2-1/2"]
[WhiteElo "2700"]
[BlackElo "2698"]
[PlyCount "87"]
[EventDate "2024.10.03"]
[EventType "team-tourn (rapid)"]
[EventRounds "10"]
[EventCountry "ENG"]
[SourceTitle "CB42_2024"]
[Source "ChessBase"]
[SourceDate "2024.10.16"]
[SourceVersion "1"]
[SourceVersionDate "2024.10.16"]
[SourceQuality "1"]
[WhiteTeam "Triveni Continental Kings"]
[BlackTeam "Mumba Masters"]
[WhiteTeamCountry "ENG"]
[BlackTeamCountry "IND"]

1. d4 Nf6 2. c4 g6 3. Nc3 d5 4. cxd5 Nxd5 5. e4 Nxc3 6. bxc3 Bg7 7. Be3 c5 8. Nf3 Bg4 9. Qa4+ Nc6 10. Rd1 0-0 11. Be2 cxd4 12. cxd4 Qa5+ 13. Qxa5 Nxa5 14. Nd2 Bd7 15. 0-0 Rfc8 16. Rc1 b5 17. e5 a6 18. f4 Bc6 19. Rc5 e6 20. Bd3 Bf8 21. Rc2 Bd5 22. Ne4 Rxc2 23. Nf6+ Kg7 24. Bxc2 Rc8 25. Bb1 Bc4 26. Rd1 Be7 27. d5 exd5 28. Nxd5 Rd8 29. Nc3 Rxd1+ 30. Nxd1 Nc6 31. Nc3 b4 32. Ne4 a5 33. Nd6 Bd5 34. Nc8 Bd8 35. Nb6 Be6 36. Kf2 f6 37. exf6+ Bxf6 38. Na4 Nd4 39. Nc5 Bd5 40. Nd7 Nb5 41. Nxf6 Kxf6 42. Bb6 a4 43. Bd3 Nc3 44. a3 1/2-1/2

[Event "London TechM GCL"]
[Site "London"]
[Date "2024.10.05"]
[Round "4.3"]
[White "Yu, Yangyi"]
[Black "Radjabov, Teimour"]
[Result "1/2-1/2"]
[WhiteElo "2717"]
[BlackElo "2700"]
[PlyCount "95"]
[EventDate "2024.10.03"]
[EventType "team-tourn (rapid)"]
[EventRounds "10"]
[EventCountry "ENG"]
[SourceTitle "CB42_2024"]
[Source "ChessBase"]
[SourceDate "2024.10.16"]
[SourceVersion "1"]
[SourceVersionDate "2024.10.16"]
[SourceQuality "1"]
[WhiteTeam "American Gambits"]
[BlackTeam "Triveni Continental Kings"]
[WhiteTeamCountry "USA"]
[BlackTeamCountry "ENG"]

1. e4 c5 2. Nf3 Nc6 3. Nc3 e5 4. Bc4 Be7 5. d3 d6 6. a4 Nf6 7. Bg5 0-0 8. Bxf6 Bxf6 9. Nd5 Be6 10. c3 Rc8 11. h4 h6 12. g3 Re8 13. 0-0 Be7 14. Ne3 Qd7 15. a5 Bd8 16. a6 Rb8 17. axb7 Qxb7 18. Qa4 Rf8 19. Ra2 a5 20. Nd2 Bd7 21. Qd1 Ne7 22. Nd5 Kh7 23. Nxe7 Bxe7 24. Bd5 Qc7 25. b3 Rb5 26. Nc4 Bh3 27. Re1 Be6 28. Ne3 Bd8 29. Ra3 Qd7 30. Qf3 g6 31. Bxe6 Qxe6 32. Nc4 Kg7 33. Re2 h5 34. Qe3 Bc7 35. Qf3 Rfb8 36. Nd2 Bd8 37. Ra1 Be7 38. Kg2 Bd8 39. Ree1 R5b7 40. Ra3 Rb5 41. Ra4 R5b7 42. Ra3 Rb5 43. Qe2 R5b7 44. Qf3 Rb5 45. Rb1 R5b7 46. Nc4 Rb5 47. Nd2 R5b7 48. Nc4 1/2-1/2

[Event "Moscow Stars Blitz"]
[Site "Moscow"]
[Date "2024.07.02"]
[Round "17"]
[White "Gunina, Valentina"]
[Black "Radjabov, Teimour"]
[Result "1/2-1/2"]
[WhiteElo "2435"]
[BlackElo "2700"]
[PlyCount "113"]
[EventDate "2024.07.01"]
[EventType "tourn (blitz)"]
[EventRounds "18"]
[EventCountry "RUS"]
[EventCategory "16"]
[SourceTitle "CBM 221 Extra"]
[Source "ChessBase"]
[SourceDate "2024.09.30"]
[SourceVersion "1"]
[SourceVersionDate "2024.09.30"]
[SourceQuality "1"]

1. d4 Nf6 2. c4 e6 3. Nf3 d5 4. Nc3 Be7 5. Bf4 0-0 6. e3 Nbd7 7. c5 Nh5 8. Bd3 b6 9. b4 Nxf4 10. exf4 a5 11. a3 c6 12. 0-0 Qc7 13. g3 Ba6 14. Bxa6 Rxa6 15. Qe2 Raa8 16. Rab1 Bf6 17. Qc2 Ra7 18. Rfc1 axb4 19. axb4 Rfa8 20. h4 h6 21. Kg2 Qb7 22. Nd1 Ra2 23. Rb2 Rxb2 24. Qxb2 bxc5 25. bxc5 Qa6 26. Ne3 Rb8 27. Qc2 Qb5 28. Ng4 Qb4 29. f5 Qb2 30. fxe6 Qxc2 31. exf7+ Kxf7 32. Rxc2 Rb4 33. Nxf6 gxf6 34. Ra2 Rb7 35. h5 f5 36. Nh4 Kf6 37. Ra6 Rc7 38. Ra8 Rb7 39. Rg8 Kf7 40. Rg6 Nf6 41. Nxf5 Rb2 42. Nxh6+ Ke7 43. Ng4 Nxh5 44. Rxc6 Rd2 45. Rh6 Ng7 46. c6 Rc2 47. Ne5 Nf5 48. Rh7+ Kf6 49. Rf7+ Ke6 50. Rf8 Nxd4 51. Nf3 Nxc6 52. Ng5+ Ke7 53. Rf7+ Kd6 54. Rf6+ Ke5 55. Re6+ Kf5 56. Rd6 Kxg5 57. Rxd5+ 1/2-1/2

[Event "Moscow Stars Blitz"]
[Site "Moscow"]
[Date "2024.07.02"]
[Round "10"]
[White "Tomashevsky, Evgeny"]
[Black "Radjabov, Teimour"]
[Result "0-1"]
[WhiteElo "2681"]
[BlackElo "2700"]
[PlyCount "102"]
[EventDate "2024.07.01"]
[EventType "tourn (blitz)"]
[EventRounds "18"]
[EventCountry "RUS"]
[EventCategory "16"]
[SourceTitle "CBM 221 Extra"]
[Source "ChessBase"]
[SourceDate "2024.09.30"]
[SourceVersion "1"]
[SourceVersionDate "2024.09.30"]
[SourceQuality "1"]

1. d4 Nf6 2. c4 c6 3. Nf3 d6 4. Nc3 Bf5 5. e3 Nbd7 6. Bd3 Bxd3 7. Qxd3 e5 8. 0-0 Be7 9. b3 0-0 10. Bb2 Re8 11. Rad1 Qa5 12. Qc2 Bf8 13. d5 h6 14. Nd2 cxd5 15. cxd5 b5 16. a3 Qb6 17. b4 a5 18. Nb3 axb4 19. axb4 Rec8 20. Na5 Nb8 21. Qb3 Na6 22. Rc1 Nxb4 23. Qxb4 Qxa5 24. Qxa5 Rxa5 25. Ne4 Rxc1 26. Nxf6+ gxf6 27. Rxc1 b4 28. e4 f5 29. f3 Ra2 30. Rb1 fxe4 31. fxe4 Be7 32. Kf2 Bg5 33. Ke2 Bc1 34. Rxc1 Rxb2+ 35. Kf3 Rb3+ 36. Ke2 Rc3 37. Rxc3 bxc3 38. Kd3 h5 39. Kxc3 Kg7 40. Kd3 Kg6 41. g3 Kg5 42. Ke3 Kg4 43. Kf2 Kh3 44. Kg1 h4 45. gxh4 Kxh4 46. Kf2 Kg4 47. Ke3 Kh3 48. Kf3 f6 49. Ke2 Kxh2 50. Kf2 Kh3 51. Kf3 Kh4 0-1

[Event "Moscow Stars Blitz"]
[Site "Moscow"]
[Date "2024.07.01"]
[Round "4"]
[White "Radjabov, Teimour"]
[Black "Lagno, Kateryna"]
[Result "1-0"]
[WhiteElo "2700"]
[BlackElo "2532"]
[PlyCount "117"]
[EventDate "2024.07.01"]
[EventType "tourn (blitz)"]
[EventRounds "18"]
[EventCountry "RUS"]
[EventCategory "16"]
[SourceTitle "CBM 221 Extra"]
[Source "ChessBase"]
[SourceDate "2024.09.30"]
[SourceVersion "1"]
[SourceVersionDate "2024.09.30"]
[SourceQuality "1"]

1. Nf3 Nf6 2. b3 d5 3. Bb2 Bf5 4. d3 h6 5. Nbd2 e6 6. g3 Be7 7. Bg2 a5 8. c4 c6 9. Ne5 Nbd7 10. Nxd7 Qxd7 11. 0-0 0-0 12. Nf3 Rfd8 13. Qc2 Qc7 14. Rfc1 a4 15. Bc3 axb3 16. axb3 Nd7 17. Qb2 Bf6 18. Bxf6 Nxf6 19. h3 Qb6 20. Qc3 d4 21. Qd2 c5 22. Ne5 Qc7 23. f4 Nd7 24. Nf3 e5 25. fxe5 Nxe5 26. Qf4 Nxf3+ 27. Qxf3 Be6 28. Rxa8 Rxa8 29. Qxb7 Qxb7 30. Bxb7 Rb8 31. Be4 Bxh3 32. Ra1 g6 33. Ra5 Rxb3 34. Bf3 Rb1+ 35. Kh2 Bf1 36. Rxc5 Rb2 37. Re5 Kg7 38. Kg1 Bh3 39. Re4 Kf6 40. Rxd4 Rc2 41. Kf2 h5 42. Rd6+ Ke7 43. Ra6 Be6 44. Ke3 Rc1 45. Kf4 Kf6 46. Ra5 Rc2 47. Ke3 Rc1 48. c5 Rg1 49. c6 Rc1 50. d4 Ke7 51. d5 Bf5 52. Ra7+ Kd6 53. Rxf7 Ke5 54. Re7+ Kd6 55. Re8 g5 56. Rf8 Ke5 57. d6 g4 58. Bg2 Rc3+ 59. Kf2 1-0

[Event "Moscow Stars Blitz"]
[Site "Moscow"]
[Date "2024.07.01"]
[Round "1"]
[White "Radjabov, Teimour"]
[Black "Tomashevsky, Evgeny"]
[Result "1-0"]
[WhiteElo "2700"]
[BlackElo "2681"]
[PlyCount "85"]
[EventDate "2024.07.01"]
[EventType "tourn (blitz)"]
[EventRounds "18"]
[EventCountry "RUS"]
[EventCategory "16"]
[SourceTitle "CBM 221 Extra"]
[Source "ChessBase"]
[SourceDate "2024.09.30"]
[SourceVersion "1"]
[SourceVersionDate "2024.09.30"]
[SourceQuality "1"]

1. e4 e5 2. Nf3 Nc6 3. Bc4 Nf6 4. d3 Bc5 5. 0-0 d6 6. c3 0-0 7. Nbd2 a5 8. h3 Ba7 9. Re1 Be6 10. Bb5 Ne7 11. Nf1 c6 12. Ba4 Ng6 13. Ng3 d5 14. exd5 Nxd5 15. Bb3 h6 16. d4 exd4 17. Nxd4 Bxd4 18. Qxd4 Nc7 19. Qxd8 Rfxd8 20. Bc2 Re8 21. Be3 Nd5 22. Bd4 Ngf4 23. Rad1 a4 24. Kh2 b5 25. Bb1 Rad8 26. Be5 Ng6 27. Bd4 Ngf4 28. Ne4 Bf5 29. Nf6+ Nxf6 30. Bxf5 Rxe1 31. Rxe1 N4d5 32. g3 a3 33. b3 b4 34. cxb4 Nxb4 35. Bc5 Nxa2 36. Bxa3 Nc3 37. Kg2 Nb5 38. Bb2 Rb8 39. Rc1 Nd6 40. Bc2 Re8 41. Bd3 Rb8 42. Rxc6 Rxb3 43. Rxd6 1-0

[Event "Moscow Stars Blitz"]
[Site "Moscow"]
[Date "2024.07.01"]
[Round "2"]
[White "Sadhwani, Raunak"]
[Black "Radjabov, Teimour"]
[Result "0-1"]
[WhiteElo "2644"]
[BlackElo "2700"]
[PlyCount "67"]
[EventDate "2024.07.01"]
[EventType "tourn (blitz)"]
[EventRounds "18"]
[EventCountry "RUS"]
[EventCategory "16"]
[SourceTitle "CBM 221 Extra"]
[Source "ChessBase"]
[SourceDate "2024.09.30"]
[SourceVersion "1"]
[SourceVersionDate "2024.09.30"]
[SourceQuality "1"]

1. d4 Nf6 2. c4 g6 3. Nc3 d6 4. e4 Nbd7 5. Be3 e5 6. d5 a5 7. f3 h5 8. Bd3 Nc5 9. Bc2 Bh6 10. Bf2 Bd7 11. Nge2 Qe7 12. 0-0 h4 13. a3 a4 14. Bxh4 Ng4 15. Bxe7 Be3+ 16. Rf2 Nxf2 17. Qb1 Nfxe4+ 18. Kh1 Nf2+ 19. Kg1 Ng4+ 20. Kf1 Nxh2+ 21. Ke1 Nxf3+ 22. gxf3 Rh1+ 23. Ng1 Rxg1+ 24. Ke2 Rxb1 25. Rxb1 Kxe7 26. Kxe3 Rh8 27. Rg1 Rh2 28. Ne2 b5 29. Rc1 f5 30. Bd1 f4+ 31. Kd2 g5 32. Kc3 bxc4 33. Kxc4 Bf5 34. Nc3 0-1

[Event "Moscow Stars Rapid"]
[Site "Moscow"]
[Date "2024.06.29"]
[Round "8"]
[White "Radjabov, Teimour"]
[Black "Gunina, Valentina"]
[Result "1-0"]
[WhiteElo "2704"]
[BlackElo "2435"]
[PlyCount "151"]
[EventDate "2024.06.27"]
[EventType "tourn (rapid)"]
[EventRounds "9"]
[EventCountry "RUS"]
[EventCategory "16"]
[SourceTitle "CBM 221 Extra"]
[Source "ChessBase"]
[SourceDate "2024.09.30"]
[SourceVersion "1"]
[SourceVersionDate "2024.09.30"]
[SourceQuality "1"]

1. e4 c6 2. d4 d5 3. exd5 cxd5 4. Bd3 Nc6 5. c3 e6 6. Nf3 Bd6 7. 0-0 Nge7 8. Re1 0-0 9. Nbd2 f6 10. c4 Bd7 11. b3 a5 12. a3 Ng6 13. Nf1 b6 14. Ng3 Nce7 15. a4 Rc8 16. Bd2 Re8 17. Qb1 Nf8 18. Be3 Bc6 19. Be2 Neg6 20. Ra2 Qd7 21. Nf1 dxc4 22. bxc4 Bxa4 23. Rc1 Nf4 24. Bxf4 Bxf4 25. Ne3 Rb8 26. Rb2 Qa7 27. Rc3 Bc6 28. g3 Bd6 29. Qa2 a4 30. Rb1 Qa5 31. Rcc1 Kh8 32. Nd2 Bb4 33. Nef1 Red8 34. Qb2 a3 35. Qxb4 a2 36. Qxa5 axb1Q 37. Qc3 Qg6 38. Ne3 b5 39. c5 Qf7 40. Nb3 Ng6 41. Na5 Ne7 42. Nc2 Nd5 43. Qb2 Qc7 44. Nxc6 Qxc6 45. Bf3 b4 46. Qb3 Qb5 47. Re1 Nc7 48. Be2 Qd7 49. Bc4 Re8 50. h4 Nd5 51. h5 f5 52. Re5 Qf7 53. Qf3 Red8 54. Bb3 Qf6 55. Kg2 f4 56. g4 h6 57. Re1 Nc7 58. Re4 Rf8 59. Kf1 Rbd8 60. Bc4 Rd7 61. Kg2 Nd5 62. Re5 Rb8 63. Bb3 Rbd8 64. Re4 Rf7 65. Re5 Nc7 66. Bc4 Qe7 67. Re4 Qd7 68. Nxb4 Qa4 69. Nd3 Rfd7 70. Ne5 Kg8 71. Bb3 Qa8 72. Nxd7 Rxd7 73. Rxe6 Qxf3+ 74. Kxf3 Kf8 75. Re4 Nb5 76. Rxf4+ 1-0

[Event "Moscow Stars Rapid"]
[Site "Moscow"]
[Date "2024.06.29"]
[Round "9"]
[White "Tabatabaei, Mohammad Amin"]
[Black "Radjabov, Teimour"]
[Result "0-1"]
[WhiteElo "2713"]
[BlackElo "2704"]
[PlyCount "90"]
[EventDate "2024.06.27"]
[EventType "tourn (rapid)"]
[EventRounds "9"]
[EventCountry "RUS"]
[EventCategory "16"]
[SourceTitle "CBM 221 Extra"]
[Source "ChessBase"]
[SourceDate "2024.09.30"]
[SourceVersion "1"]
[SourceVersionDate "2024.09.30"]
[SourceQuality "1"]

1. d4 Nf6 2. c4 g6 3. Nc3 Bg7 4. e4 d6 5. Be2 0-0 6. Be3 e5 7. d5 a5 8. h4 h5 9. f3 Nbd7 10. Nh3 Nc5 11. Nf2 c6 12. Nd3 cxd5 13. cxd5 Nxd3+ 14. Bxd3 Nd7 15. Qd2 a4 16. 0-0-0 a3 17. b3 f5 18. Kb1 Nf6 19. Na4 fxe4 20. fxe4 Ng4 21. Bb6 Qe7 22. g3 Bd7 23. Nc3 Rac8 24. Bc4 Rf3 25. Qe1 Bh6 26. Rd3 Rf7 27. Ka1 Rcf8 28. Nb1 Nf2 29. Bxf2 Rxf2 30. Nxa3 Bg4 31. Qb4 Rg2 32. Nb5 Be2 33. Qxd6 Qxd6 34. Nxd6 Bxd3 35. Bxd3 Rff2 36. Bb1 Be3 37. Nb5 Kf8 38. Re1 Rxg3 39. Rd1 Ke7 40. d6+ Kd7 41. Rd5 Bc1 42. a4 Rxb3 43. Ba2 Rb4 44. Rd3 Bb2+ 45. Kb1 Bd4+ 0-1